Statistics for Disney Princess- Famous Quotes

Click here to take the quiz!

General Stats

  • This quiz has been taken 55 times
  • The average score is 11 of 15

Answer Stats

HintAnswer% Correct
They can’t order me to stop dreaming.”Cinderella
88%
"Haven't any of you ever had a dream?"Rapunzel
88%
"They say if you dream a thing more than once, it's sure to come true."Aurora
85%
“If I do marry, I want it to be for love.”Jasmine
83%
“The sky’s awake, so I’m awake!”Anna
80%
“Fairy tales can come true. You got to make them happen, it all depends on you!”Tiana
80%
"Yes, I’m alone, but I’m alone and free!”Elsa
78%
“Believe you can, then you will.”Mulan
78%
“I want more.”Ariel
76%
“You control your destiny—you don't need magic to do it.”Merida
76%
“I’m sure I’ll get along somehow. Everything’s going to be alright.”Snow White
76%
“Can anybody be happy if they aren’t free?”Belle
73%
“The past shouldn’t be feared for it guides our future.”Moana
68%
"A nation protected by angry assassins and their even angrier cats."Raya
46%
“I'll always be with you. Forever.”Pochohantas
10%

Score Distribution

Percentile by Number Answered

Percent of People with Each Score

Your Score History

You have not taken this quiz